Catálogo de documentos-carta de la colección Porfirio Díaz : junio de 1887 /

Catálogo de la correspondencia recibida y emitida por el presidente mexicano Porfirio Díaz en el mes de junio de 1887. Reflejo de la vida cotidiana de los últimos días de su segundo período, sobresalen, por su abundancia, las solicitudes de empleo, principalmente de compañeros de armas del general D...

ver descrição completa

Na minha lista:
Detalhes bibliográficos
Autor Corporativo: Universidad Iberoamericana. Plantel Santa Fe. Biblioteca
Outros Autores: Villanueva Lagar, Claudia (autor) (autor), Ponce Alcocer, María Eugenia (edición) (edición)
Formato: Livro
Idioma:espanhol
Publicado em: México : Universidad Iberoamericana, Plantel Santa Fe, Biblioteca Francisco Xavier Clavigero, 2006, c2006
Colecção:(Serie CDP ; 40)
Assuntos:
Tags: Adicionar Tag
Sem tags, seja o primeiro a adicionar uma tag!

MARC

LEADER 00000nam^a2200000^a^4500
001 000195574
005 20250521000000.0
009 20260310102756.55
025 |a Donación sin dato, 1 ejemplar 
037 |a Acervo ITESO - Biblioteca 
041 |a ESP 
082 |a 027. 072532  |b UNI UIA CPD-dc V. 40 
110 |a Universidad Iberoamericana.  |b Plantel Santa Fe. Biblioteca 
240 1 1 |a [Catálogo de documentos-carta de la colección Porfirio Díaz] 
245 1 0 |a Catálogo de documentos-carta de la colección Porfirio Díaz :  |b junio de 1887 /  |c C. Villanueva Lagar ; ed. de M.E. Ponce Alcocer. 
264 4 |a México :  |b Universidad Iberoamericana, Plantel Santa Fe, Biblioteca Francisco Xavier Clavigero,  |c 2006, c2006 
300 |a XVII, 124 p. 
336 |a texto  |b txt  |2 rdacontenido 
337 |a sin mediación  |b n  |2 rdamedio 
338 |a volumen  |b nc  |2 rdasoporte 
440 1 |a (Serie CDP ;  |v 40) 
520 |a Catálogo de la correspondencia recibida y emitida por el presidente mexicano Porfirio Díaz en el mes de junio de 1887. Reflejo de la vida cotidiana de los últimos días de su segundo período, sobresalen, por su abundancia, las solicitudes de empleo, principalmente de compañeros de armas del general Díaz, así como las quejas sobre el contrabando en Tamaulipas y los comentarios sobre la situación política en las diversas entidades. Los documentos aquí referidos están custodiados en la colección Porfirio Díaz de la Biblioteca Francisco Xavier Clavijero de la Universidad Iberoamericana de la ciudad de México. Cada uno de las fichas incluidas contiene, además de los datos de codificación y descripción física del documento, el registro del autor, destinatario, lugar y fecha y síntesis del documento. 
649 |a XX 
650 |a Jefes de Estado Mexicanos 
650 |a Políticos Mexicanos 
650 |a Cartas Mexicanas -  |x Catálogos -  |x Tema Principal 
650 |a Manuscritos -  |z México -  |x Catálogos -  |x Tema Principal 
650 |a Catálogos de Archivos -  |z México (Ciudad) 
650 |a Archivos -  |z México (Ciudad) 
650 |a Catálogos de Bibliotecas -  |z México (Ciudad) 
650 |a Bibliotecas Universitarias -  |x Colecciones Especiales -  |x Tema Principal 
650 |a Bibliotecas Universitarias -  |z México (Ciudad) 
650 |a Bibliotecas Universitarias -  |z México 
650 |a Biblioteconomía 
650 |a Universidad Iberoamericana -  |z México (Ciudad) 
650 |a Política -  |z México -  |x Historia -  |y Porfirismo, 1876-1911 
650 |a Política -  |z México -  |x Historia -  |y República Liberal, 1867-1911 
650 |a Política -  |z México -  |x Historia -  |y Siglo XIX 
650 |a México -  |x Historia -  |x Documentos -  |x Tema Principal 
650 |a México -  |x Historia -  |y Porfirismo, 1876-1911 
650 |a México -  |x Historia -  |y República Liberal, 1867-1911 
650 |a México -  |x Historia -  |y Siglo XIX 
650 |a Díaz, Porfirio 
700 |a Villanueva Lagar, Claudia  |e (autor) 
700 |a Ponce Alcocer, María Eugenia  |e (edición) 
910 |a Fondo General 
920 |a Impresos - Libros 
930 |a Obras de Referencia 
940 |a Biblioteconomía 
905 |a 102 
901 |a 0500141798  |b IT2  |c REF  |i D  |u 20250521 
902 |a https://opac.biblio.iteso.mx/vufind/Record/000195574